| 000 | 00656nam a2200229 a 4500 | ||
|---|---|---|---|
| 001 | BRCA_6857 | ||
| 005 | 20190320205622.0 | ||
| 008 | 101111s1898----mx-a######---#000-0#spa-# | ||
| 041 | _aspa | ||
| 044 | _amx | ||
| 050 | 4 |
_aC6886 _b.A17 1898 |
|
| 245 | 1 | 0 | _aObras del doctor D. José Bernardo Couto |
| 260 |
_aMéxico _bImp. de V. Agueros _c1898 |
||
| 300 |
_av. 1 _bil. _c17 cm. |
||
| 440 | 0 |
_aBiblioteca de autores mexicanos _v13 _917088 |
|
| 500 | _aLa biblioteca cuenta con el v.1: Opusculos varios | ||
| 500 | _aInicio de la publicación: 1898 | ||
| 500 | _aO45 | ||
| 650 | 1 | 4 |
_aLiteratura mexicana _xSerie _917089 |
| 902 | _aGFM | ||
| 942 |
_2lcc _cB |
||
| 999 |
_c6539 _d6539 |
||